000 00265nam a2200097Ia 4500
008 230907s9999||||xx |||||||||||||| ||und||
082 _a333.7
_bFIN
245 0 _aFinance and the macroeconomics of environmental policies /
300 _axiii, 320 pages ;
942 _cBK
999 _c597784
_d597784